| 000 | 01137nam a22002411a 4500 | ||
|---|---|---|---|
| 001 | 19179 | ||
| 003 | OSt | ||
| 005 | 20260204212441.0 | ||
| 008 | 190326s2019||||dr ||||||b||||||||||spa|| | ||
| 090 | _aEDU-BA 2018 S37 | ||
| 100 | 1 |
_aMagdaleno Serrano, Victorina _esustentante |
|
| 245 | 1 | _aEvaluación del proceso de enseñanza-aprendizaje en el primer ciclo nivel básico, Distrito Educativo 16-03/Victorina Magdaleno Serrano, Katherine Abreu Hiraldo, Tania Evangelista Cleto ; asesor Jesús María de León. | |
| 260 |
_aCotuí, República Dominicana : _bUTECO, _c2018 |
||
| 300 |
_a66 hojas : _bIlustraciones ; _c28cm. |
||
| 502 | _aTrabajo de grado (Licenciatura en Educación, Mención Básica)--Universidad Tecnológica del Cibao Oriental, 2018 | ||
| 504 | _aIncluye referencia bibliográfica e índice | ||
| 650 | 4 | _aEvaluación del proceso de enseñanza | |
| 700 | 1 |
_aAbreu Hiraldo, Katherine _esustentante |
|
| 700 | 1 |
_a Evangelista Cleto, Tania _esustentante |
|
| 700 | 1 |
_a María de León, Jesús _easesor |
|
| 830 | _aTesis y disertaciones académicas (Universidad Tecnológica del Cibao Oriental) | ||
| 942 |
_2LC _cTH |
||
| 999 |
_c19179 _d19179 |
||